THE FUTURE NEWSROOM (Record no. 28614)

MARC details
000 -LEADER
fixed length control field 00277nam a22001337a 4500
003 - CONTROL NUMBER IDENTIFIER
control field SGT
082 ## - DEWEY DECIMAL CLASSIFICATION NUMBER
Classification number 97893885754920
Item number T20K
100 ## - MAIN ENTRY--PERSONAL NAME
Personal name KUMAR, PRAMOD
245 ## - TITLE STATEMENT
Title THE FUTURE NEWSROOM
260 ## - PUBLICATION, DISTRIBUTION, ETC. (IMPRINT)
Name of publisher, distributor, etc KITABWALE
Year of Publication 2020
300 ## - PAGE DESCRIPTION
No. of Pages 436
650 ## - SUBJECT ADDED ENTRY--TOPICAL TERM
Topical term or geographic name as entry element JOURNALISM
942 ## - ADDED ENTRY ELEMENTS (KOHA)
Source of classification or shelving scheme Dewey Decimal Classification
Koha item type Books

No items available.